Thí nghiệm phân tích thực phẩm
Guardado en:
| Autor principal: | |
|---|---|
| Autores Corporativos: | , |
| Otros Autores: | |
| Lenguaje: | Undetermined |
| Publicado: |
Tp. Hồ Chí Minh
Đại học Quốc Gia Tp. Hồ Chí Minh
2006
|
| Materias: | |
| Etiquetas: |
Agregar Etiqueta
Sin Etiquetas, Sea el primero en etiquetar este registro!
|
| Thư viện lưu trữ: | Trung tâm Học liệu Trường Đại học Trà Vinh |
|---|
| LEADER | 00741nam a2200253Ia 4500 | ||
|---|---|---|---|
| 001 | TVU_2010 | ||
| 008 | 210423s9999 xx 000 0 und d | ||
| 041 | |a Vie | ||
| 082 | |a 664.07 | ||
| 082 | |b L104 | ||
| 100 | |a Trần, Bích Lam | ||
| 245 | 0 | |a Thí nghiệm phân tích thực phẩm | |
| 245 | 0 | |c Trần Bích Lam | |
| 260 | |a Tp. Hồ Chí Minh | ||
| 260 | |b Đại học Quốc Gia Tp. Hồ Chí Minh | ||
| 260 | |c 2006 | ||
| 300 | |a 115 tr. | ||
| 300 | |b minh họa | ||
| 300 | |c 27 cm | ||
| 650 | |a Thực phẩm; Thực phẩm | ||
| 700 | |a Trần Bích Lam | ||
| 710 | |a Trường Đại hoc Quốc gia Tp. Hồ CHí Minh | ||
| 710 | |b Trường Đại hoc Bách khoa | ||
| 980 | |a Trung tâm Học liệu Trường Đại học Trà Vinh | ||